| 000 | 00423nam a2200181Ia 4500 | ||
|---|---|---|---|
| 005 | 20240823013805.0 | ||
| 008 | 240823s9999||||xx |||||||||||||| ||und|| | ||
| 041 | _aENGLISH | ||
| 082 | _A519.3 N2 | ||
| 100 | _aS.S.Rao | ||
| 245 | 0 | _aOptimizations theory & Applications | |
| 250 | _a2nd | ||
| 260 | _b"Wiley,New D" | ||
| 500 | _aTRANSFERED | ||
| 650 |
_aOptimization _bMathematics |
||
| 942 | _cBK | ||
| 999 |
_c168237 _d168237 |
||